000 00339nam a2200157Ia 4500
008 210210b xxu||||| |||| 00| 0 eng d
041 _aeng
082 _a549/82
100 _aMOOR (C G)
245 _aRecognition of minerals
260 _aLondon
_b-
_c
300 _a246
650 _aRecognition
650 _aminerals
906 _a010014
999 _c128154
_d128154